| 000 -LEADER |
| fixed length control field |
02286cam a2200385 a 4500 |
| 001 - CONTROL NUMBER |
| control field |
15641502 |
| 005 - DATE AND TIME OF LATEST TRANSACTION |
| control field |
20210416133800.0 |
| 008 - FIXED-LENGTH DATA ELEMENTS--GENERAL INFORMATION |
| fixed length control field |
090227s2009 enk b 001 0 eng |
| 010 ## - LIBRARY OF CONGRESS CONTROL NUMBER |
| LC control number |
2009008911 |
| 015 ## - NATIONAL BIBLIOGRAPHY NUMBER |
| National bibliography number |
GBA8D6212 |
| Source |
bnb |
| 016 7# - NATIONAL BIBLIOGRAPHIC AGENCY CONTROL NUMBER |
| Record control number |
014844616 |
| Source |
Uk |
| 020 ## - INTERNATIONAL STANDARD BOOK NUMBER |
| International Standard Book Number |
9780199226092 (pbk. : alk. paper) |
| 020 ## - INTERNATIONAL STANDARD BOOK NUMBER |
| International Standard Book Number |
0199226091 (pbk. : alk. paper) |
| 035 ## - SYSTEM CONTROL NUMBER |
| System control number |
(OCoLC)ocn277068135 |
| 040 ## - CATALOGING SOURCE |
| Original cataloging agency |
DLC |
| Transcribing agency |
DLC |
| Modifying agency |
BTCTA |
| -- |
BAKER |
| -- |
YDXCP |
| -- |
UKM |
| -- |
BWKUK |
| -- |
BWK |
| -- |
J2H |
| -- |
CDX |
| -- |
BWX |
| -- |
DLC |
| 043 ## - GEOGRAPHIC AREA CODE |
| Geographic area code |
e------ |
| 050 00 - LIBRARY OF CONGRESS CALL NUMBER |
| Classification number |
JN15 |
| Item number |
.W495 2009 |
| 080 ## - UNIVERSAL DECIMAL CLASSIFICATION NUMBER |
| Universal Decimal Classification number |
327 W-66 |
| 082 00 - DEWEY DECIMAL CLASSIFICATION NUMBER |
| Classification number |
341.242/2 |
| Edition number |
22 |
| 100 1# - MAIN ENTRY--PERSONAL NAME |
| Personal name |
Wiener, Antje. |
| 9 (RLIN) |
10395 |
| 245 10 - TITLE STATEMENT |
| Title |
European integration theory / |
| Statement of responsibility, etc. |
Antje Wiener, Thomas Diez. |
| 250 ## - EDITION STATEMENT |
| Edition statement |
2nd ed. |
| 260 ## - PUBLICATION, DISTRIBUTION, ETC. |
| Place of publication, distribution, etc. |
Oxford ; |
| -- |
New York : |
| Name of publisher, distributor, etc. |
Oxford University Press, |
| Date of publication, distribution, etc. |
2009. |
| 300 ## - PHYSICAL DESCRIPTION |
| Extent |
xvi, 295 p. ; |
| Dimensions |
25 cm. |
| 504 ## - BIBLIOGRAPHY, ETC. NOTE |
| Bibliography, etc. note |
Includes bibliographical references (p. [253]-290) and index. |
| 505 0# - FORMATTED CONTENTS NOTE |
| Formatted contents note |
Introducing the mosaic of integration theory / Thomas Diez and Antje Wiener -- Federalism / Michael Burgess -- Neofunctionalism / Arne Niemann and Philippe C. Schmitter -- Liberal intergovernmentalism / Andrew Moravcsik and Frank Schimmelfennig -- Governance approaches / B. Guy Peters and Jon Pierre -- Policy networks / John Peterson -- The new institutionalisms and European integration / Mark A. Pollack -- Social constructivism and European integration / Thomas Risse -- Discursive approaches / Ole Wæver -- Gender and European integration / Birgit Locher and Elisabeth Prügl -- Normative theory and the EU : between contract and community / Richard Bellamy with Claudia Attucci -- Critical political economy / Alan W. Cafruny and J. Magnus Ryner -- Taking stock of integration theory / Antje Wiener and Thomas Diez. |
| 610 20 - SUBJECT ADDED ENTRY--CORPORATE NAME |
| Corporate name or jurisdiction name as entry element |
European Union. |
| 9 (RLIN) |
11412 |
| 650 #0 - SUBJECT ADDED ENTRY--TOPICAL TERM |
| Topical term or geographic name entry element |
European federation. |
| 9 (RLIN) |
11413 |
| 651 #0 - SUBJECT ADDED ENTRY--GEOGRAPHIC NAME |
| Geographic name |
European Union countries |
| General subdivision |
Politics and government |
| -- |
Philosophy. |
| 9 (RLIN) |
11414 |
| 653 ## - INDEX TERM--UNCONTROLLED |
| keyword |
European Integration Theory |
| 700 1# - ADDED ENTRY--PERSONAL NAME |
| Personal name |
Diez, Thomas, |
| Dates associated with a name |
1970- |
| 9 (RLIN) |
11415 |
| 906 ## - LOCAL DATA ELEMENT F, LDF (RLIN) |
| a |
7 |
| b |
cbc |
| c |
orignew |
| d |
1 |
| e |
ecip |
| f |
20 |
| g |
y-gencatlg |
| 942 ## - ADDED ENTRY ELEMENTS (KOHA) |
| Source of classification or shelving scheme |
|
| Koha item type |
წიგნი |